GLOBAL economic prospects and the developing countries

Bibliographic Details
Format: Book
Published: Washington, D.C. : The World Bank , 2002
Edition:12th ed.
Subjects:

MARC

LEADER 00000cam a2200000 7i4500
001 0000002071
005 20020919.0
020 0 0 |a 0821349961 
090 0 0 |a R330.91724   |b GLO 2002 
245 0 0 |a GLOBAL economic prospects and the developing countries 
250 0 0 |a 12th ed. 
260 0 0 |a Washington, D.C. :   |b The World Bank ,   |c 2002 
300 |a xxiii, 253 p. :   |b ill. ;   |c 27 cm. 
500 0 0 |a Includes bibliographical references 
650 0 0 |a Developing countries--Economic conditions 
650 0 0 |a Economic forecasting   |x Developing countries 
650 0 0 |a Economic forecasting   |y 2005-2015 
650 0 0 |a Economic history 
650 0 0 |a International economic relations 
998 |a JPSM 
999 |a 0000003446   |b Monograph   |c Reference   |e Default branch